Europejskie państwa o flagach zawierających dwa kolory - Statystyki

Ogólne statystyki
  • Ten quiz został rozwiązany 918 razy
  • Średni wynik to 11 z 15
Statystyki odpowiedzi
Państwo % Poprawnych
Polska
99%
Ukraina
90%
Szwecja
87%
Finlandia
85%
Dania
82%
Grecja
82%
Albania
77%
Austria
77%
Monako
75%
Łotwa
73%
Szwajcaria
72%
Turcja
71%
Macedonia Północna
63%
Gruzja
45%
Kazachstan
44%
Nie znaleziono quizów pasujących do podanych kryteriów
Rozkład punktacji
Procent ludzi z każdym wynikiem
Percentyl według liczby udzielonych odpowiedzi
Twoja historia wyników
Nie rozwiązałeś tego quizu